Guía de diseño para la configuración espacial de viviendas de interés social para personas con discapacidad física, sensorial y adultos mayores
Збережено в:
| Автор: | |
|---|---|
| Формат: | Книга |
| Мова: | Spanish |
| Опубліковано: |
[San José], Costa Rica
2016
|
| Предмети: | |
| Теги: |
Додати тег
Немає тегів, Будьте першим, хто поставить тег для цього запису!
|
MARC
| LEADER | 00000nam a22000007a 4500 | ||
|---|---|---|---|
| 003 | 012485 | ||
| 005 | 20221231144120.0 | ||
| 008 | 161101b2016 cr a|||| m||||||| ||spa d | ||
| 040 | |c cru CEDI | ||
| 090 | |a TFG 7641 | ||
| 100 | |9 5483 |a Álvarez Zúñiga, Diego | ||
| 245 | |a Guía de diseño para la configuración espacial de viviendas de interés social para personas con discapacidad física, sensorial y adultos mayores | ||
| 260 | |a [San José], Costa Rica |c 2016 | ||
| 300 | |a xxv, 249, [125]hojas ; ilustraciones algunas a color | ||
| 500 | |a Proyecto de graduación (licenciatura en ingeniería civil)--Universidad de Costa Rica. Facultad de Ingeniería. Escuela de Ingeniería Civil | ||
| 650 | |x VIVIENDA POPULAR - COSTA RICA - COSTA RICA |x ANCIANOS |x ANCIANOS - ACTITUDES |x PERSONAS CON DISCAPACIDADES - LEGISLACION - COSTA RICA |x INVALIDOS |x PERSONAS CON DISCAPACIDADES FISICAS |x IGUALDAD ANTE LA LEY - COSTA RICA - COSTA RICA |x VIVIENDA - LEGISLACION - COSTA RICA - LEGISLACION - COSTA RICA |9 5484 | ||
| 942 | |c TFG | ||
| 999 | |c 17110 |d 17110 | ||
